Normal view
MARC view
- London
Entry Topical Term
001 - CONTROL NUMBER
- control field: 52598
003 - CONTROL NUMBER IDENTIFIER
- control field: NUST
005 - DATE AND TIME OF LATEST TRANSACTION
- control field: 20210421115430.0
008 - FIXED-LENGTH DATA ELEMENTS
- fixed length control field: 210421|| aca||aabn | a|a d
040 ## - CATALOGING SOURCE
- Original cataloging agency: NUST
- Transcribing agency: NUST
150 ## - HEADING--TOPICAL TERM
- Topical term or geographic name entry element: London
670 ## - SOURCE DATA FOUND
- Source citation: Work cat.: (NUST): J.F.Griffiths, Blackie Academic
